Daily Capital City Riddle #183 - Statistics

General Stats
  • This quiz has been taken 29 times
  • The average score is 25 of 31
Answer Stats
Type Answer % Correct
Alphabet Letter A
100%
Alphabet Letter E
100%
Found Letter I
100%
Alphabet Letter L
100%
Alphabet Letter M
100%
Alphabet Letter O
100%
Alphabet Letter U
100%
Alphabet Letter R
96%
Alphabet Letter S
96%
Alphabet Letter B
91%
Alphabet Letter D
91%
Alphabet Letter H
91%
Alphabet Letter C
87%
Alphabet Letter G
87%
Alphabet Letter N
87%
Alphabet Letter T
87%
Alphabet Letter P
83%
Alphabet Letter W
78%
Correctly Placed Letter I
74%
Found Letter K
74%
Alphabet Letter J
70%
Alphabet Letter Q
70%
Found Letter Y
70%
Found Letter V
65%
Alphabet Letter X
65%
Alphabet Letter Z
65%
Correctly Placed Letter K
61%
Alphabet Letter F
57%
Mystery Capital Kyiv
57%
Correctly Placed Letter V
57%
Correctly Placed Letter Y
57%
No matching quizzes found
Score Distribution
Percent of People with Each Score
Percentile by Number Answered
Your Score History
You have not taken this quiz